000 00671nam a2200193Ia 4500
008 220216s9999 xx 000 0 und d
100 _aMeenakumari T
245 0 _aGenotype x environment interaction for yield of modern Hevea clones in India
260 _bClimate Change, Low Carbon Economy and Sustainable Natural Rubber Industry: Preprints of Proceedings of IRRDB International Rubber Conference 2010, 18-19 October 2010 Sanya, Hainan, China, pp. 369-370.
650 _aGxE interaction
650 _aYield
700 _aDas G
700 _aDey S K
700 _aMydin K K
700 _aNair R B
700 _aRaman K A
700 _aSoman T A
942 _cBS
999 _c49285
_d49285